[Event "130th YMCA Autumn B"]
[Site "Warszawa"]
[Date "2013.09.19"]
[Round "1"]
[White "Rozowski, Marcin"]
[Black "Szefer, Michal"]
[Result "1-0"]
[WhiteElo "1890"]
[BlackElo "1946"]
[PlyCount "57"]
[EventDate "2013.09.19"]
[EventType "tourn"]
[EventRounds "1"]
[EventCountry "POL"]
[SourceDate "2013.09.20"]

1. e4 c5 2. c3 d6 3. d4 Nf6 4. dxc5 Nc6 5. Bc4 Ne5 6. Bb5+ Bd7 7. Bxd7+ Qxd7 8.
Nf3 Nxe4 9. Nxe5 dxe5 10. Qxd7+ Kxd7 11. Be3 e6 12. b4 f5 13. f3 Nf6 14. Na3
Nd5 15. Bd2 Be7 16. Nc4 Bf6 17. O-O-O b5 18. Nd6 Kc6 19. Rhe1 Rhf8 20. c4 bxc4
21. Nxc4 Kb5 22. Nxe5 Nxb4 23. Bxb4 Kxb4 24. Rd3 Rfc8 25. Nd7 Bg5+ 26. Kc2 Rc6
27. Rb1+ Ka4 28. Rbb3 Bf6 29. Ra3+ 1-0

[Event "130th YMCA Autumn B"]
[Site "Warszawa"]
[Date "2013.09.19"]
[Round "1"]
[White "Praczukowski, Stanislaw"]
[Black "Kosiorek, Przemyslaw"]
[Result "0-1"]
[WhiteElo "1862"]
[BlackElo "1973"]
[PlyCount "48"]
[EventDate "2013.09.19"]
[EventType "tourn"]
[EventRounds "1"]
[EventCountry "POL"]
[SourceDate "2013.09.20"]

1. e4 e6 2. d4 d5 3. Nd2 Nf6 4. e5 Nfd7 5. Bd3 c5 6. c3 Nc6 7. Ne2 Qb6 8. Nf3
cxd4 9. cxd4 f6 10. exf6 Nxf6 11. O-O Bd6 12. Re1 O-O 13. Nc3 Bd7 14. Na4 Qc7
15. Bg5 Ng4 16. h3 Bh2+ 17. Kf1 Nxf2 18. Kxf2 Qg3+ 19. Ke3 Rxf3+ 20. Qxf3 Qxg5+
21. Kf2 Nxd4 22. Bxh7+ Kh8 23. Qf7 Qd2+ 24. Kf1 Bb5+ 0-1

[Event "130th YMCA Autumn B"]
[Site "Warszawa"]
[Date "2013.09.19"]
[Round "1"]
[White "Safanowski, Tomasz"]
[Black "Grabowicz, Marcin"]
[Result "0-1"]
[WhiteElo "1906"]
[BlackElo "1852"]
[PlyCount "54"]
[EventDate "2013.09.19"]
[EventType "tourn"]
[EventRounds "1"]
[EventCountry "POL"]
[SourceDate "2013.09.20"]

1. e4 d5 2. d3 e5 3. Nf3 Nc6 4. Nc3 Nf6 5. Bg5 Bb4 6. Nd2 Bxc3 7. bxc3 Be6 8.
d4 exd4 9. cxd4 Nxd4 10. e5 h6 11. Be3 Nf5 12. exf6 Qxf6 13. Rb1 Nxe3 14. fxe3
O-O-O 15. Nf3 d4 16. exd4 Rhe8 17. Be2 Bc4 18. Ne5 Rxe5 19. dxe5 Qxe5 20. O-O
Rxd1 21. Bg4+ Rd7 22. Bxd7+ Kxd7 23. Rbd1+ Kc8 24. Rfe1 Qc5+ 25. Kh1 Be6 26.
Re4 Qxc2 27. Red4 b6 0-1

[Event "130th YMCA Autumn B"]
[Site "Warszawa"]
[Date "2013.09.19"]
[Round "1"]
[White "Potocki, Karol"]
[Black "Barc, Michal"]
[Result "1/2-1/2"]
[WhiteElo "1876"]
[BlackElo "1841"]
[Annotator "Admin"]
[PlyCount "60"]
[EventDate "2013.09.19"]
[EventType "tourn"]
[EventRounds "1"]
[EventCountry "POL"]
[SourceDate "2013.09.20"]

1. e4 e6 2. d4 d5 3. Nd2 Nf6 4. e5 Nfd7 5. Bd3 c5 6. c3 Nc6 7. Ne2 cxd4 8. cxd4
Qb6 9. Nf3 f6 10. exf6 Nxf6 11. O-O Bd6 12. Bf4 Bxf4 13. Nxf4 Bd7 14. Re1 O-O-O
15. Nxe6 Bxe6 16. Rxe6 Rhe8 17. Qe2 Kb8 18. Rc1 Ne4 19. Rxe8 Rxe8 20. Bxe4 Rxe4
21. Qc2 a6 22. h4 Nxd4 23. Nxd4 Qxd4 24. g3 Qe5 25. Qc8+ Ka7 26. Qc5+ Kb8 27.
Qf8+ Ka7 28. Qc5+ Kb8 29. Qc8+ Ka7 30. Qc5+ Kb8 $11 1/2-1/2

[Event "130th YMCA Autumn B"]
[Site "Warszawa"]
[Date "2013.10.02"]
[Round "1"]
[White "Koziol, Pawel"]
[Black "Sawicki, Wojciech"]
[Result "1/2-1/2"]
[WhiteElo "1879"]
[BlackElo "1845"]
[Annotator "Admin"]
[PlyCount "61"]
[EventDate "2013.09.19"]
[EventType "tourn"]
[EventRounds "1"]
[EventCountry "POL"]
[SourceDate "2013.09.20"]

1. e4 e5 2. Nf3 Nc6 3. Bb5 a6 4. Ba4 Nf6 5. O-O Be7 6. d3 b5 7. Bb3 O-O 8. a4
b4 9. Nbd2 d6 10. Re1 Na5 11. Ba2 Be6 12. d4 Bxa2 13. Rxa2 exd4 14. Nxd4 Nd7
15. Qh5 Nc5 16. N2f3 g6 17. Qh6 Ne6 18. Nxe6 fxe6 19. Nd4 Bh4 20. Be3 Qe7 21.
Raa1 Nc4 22. g3 Nxe3 23. Qxh4 Qxh4 24. gxh4 Ng4 25. Nxe6 Rf7 26. Rf1 Re7 27.
Ng5 h6 28. Nh3 Rxe4 29. f3 Re3 30. fxg4 Rxh3 31. Rf4 $11 1/2-1/2

[Event "130th YMCA Autumn B"]
[Site "Warszawa"]
[Date "2013.10.03"]
[Round "1"]
[White "Borkowski, Adam"]
[Black "Rzepecka, Dorota"]
[Result "1/2-1/2"]
[WhiteElo "1816"]
[BlackElo "1829"]
[PlyCount "32"]
[EventDate "2013.09.19"]
[EventType "tourn"]
[EventRounds "1"]
[EventCountry "POL"]
[SourceDate "2013.09.20"]

1. c4 Nf6 2. Nc3 e6 3. Nf3 b6 4. d3 Be7 5. e3 O-O 6. Be2 Bb7 7. O-O d5 8. cxd5
Nxd5 9. Bd2 c5 10. d4 Nc6 11. Nxd5 Qxd5 12. dxc5 Bxc5 13. Bc3 Rfd8 14. Qxd5
Rxd5 15. Bc4 Rdd8 16. Rfd1 Bb4 1/2-1/2

[Event "130th YMCA Autumn B"]
[Site "Warszawa"]
[Date "2013.09.19"]
[Round "1"]
[White "Jachimiak, Wojciech"]
[Black "Rusin, Ryszard"]
[Result "1-0"]
[WhiteElo "1880"]
[BlackElo "1898"]
[PlyCount "73"]
[EventDate "2013.09.19"]
[EventType "tourn"]
[EventRounds "1"]
[EventCountry "POL"]
[SourceDate "2013.09.20"]

1. e4 e5 2. Nf3 Nf6 3. Nxe5 d6 4. Nf3 Nxe4 5. d4 d5 6. Bd3 Bd6 7. O-O O-O 8. c4
c6 9. h3 Nd7 10. Nc3 Nxc3 11. bxc3 dxc4 12. Bxc4 Nb6 13. Bd3 h6 14. c4 Bc7 15.
Bb2 Be6 16. Qc2 Qd7 17. Ne5 Qe7 18. f4 Rad8 19. Rae1 Qh4 20. f5 Bc8 21. Re4 Qg5
22. Bc1 Qf6 23. Ng4 Qd6 24. c5 Qd5 25. Ne3 Qd7 26. cxb6 Bxb6 27. Bb2 Rfe8 28.
Nc4 Bc7 29. Rxe8+ Rxe8 30. Ne5 Qd6 31. Bc4 Re7 32. Qb3 Qf6 33. Ba3 c5 34. Bxc5
Rxe5 35. dxe5 Qxe5 36. Bxf7+ Kh8 37. Qe3 1-0

[Event "130th YMCA Autumn B"]
[Site "Warszawa"]
[Date "2013.09.26"]
[Round "2"]
[White "Szefer, Michal"]
[Black "Rusin, Ryszard"]
[Result "1/2-1/2"]
[WhiteElo "1946"]
[BlackElo "1898"]
[Annotator "Admin"]
[PlyCount "88"]
[EventDate "2013.09.19"]
[EventType "tourn"]
[EventRounds "1"]
[EventCountry "POL"]
[SourceDate "2013.09.20"]

1. e4 e5 2. d4 exd4 3. Nf3 Nc6 4. Bc4 Be7 5. c3 d3 6. Qb3 d5 7. Bxd5 Nf6 8.
Bxf7+ Kf8 9. e5 Na5 10. Qa4 Nd5 11. Bxd5 Qxd5 12. O-O Nc6 13. Qf4+ Ke8 14. Qg3
g6 15. Bg5 Be6 16. Nbd2 Rd8 17. Bxe7 Nxe7 18. Nd4 Nf5 19. Nxf5 gxf5 20. Qf3 Rg8
21. Qxd5 Bxd5 22. f3 Rd7 23. Kf2 Re7 24. Rfe1 Reg7 25. Rg1 Ke7 26. Rae1 c5 27.
c4 Be6 28. b3 Rd8 29. Re3 Rd4 30. Rd1 Rg8 31. g3 Rgd8 32. Nb1 f4 33. gxf4 Bf5
34. Nc3 Ke6 35. Rd2 Rxf4 36. Nd5 Rh4 37. Ke1 Rg8 38. Rf2 Rg1+ 39. Kd2 Rh1 40.
Nc7+ Ke7 41. e6 R4xh2 42. Nd5+ Kd6 43. Rxh2 Rxh2+ 44. Kd1 Rh1+ $11 1/2-1/2

[Event "130th YMCA Autumn B"]
[Site "Warszawa"]
[Date "2013.09.26"]
[Round "2"]
[White "Rzepecka, Dorota"]
[Black "Jachimiak, Wojciech"]
[Result "1/2-1/2"]
[WhiteElo "1829"]
[BlackElo "1880"]
[PlyCount "71"]
[EventDate "2013.09.19"]
[EventType "tourn"]
[EventRounds "1"]
[EventCountry "POL"]
[SourceDate "2013.09.20"]

1. e4 c5 2. c3 e6 3. Nf3 a6 4. d4 d5 5. exd5 exd5 6. Bd3 h6 7. O-O c4 8. Bc2
Nf6 9. Re1+ Be7 10. Qe2 Bg4 11. Nbd2 Nc6 12. h3 Bxf3 13. Nxf3 O-O 14. Ne5 Bd6
15. Qf3 Re8 16. Bxh6 Nxe5 17. dxe5 Rxe5 18. Bf4 Rxe1+ 19. Rxe1 Bxf4 20. Qxf4
Qd7 21. Bf5 Qc6 22. Re7 Rd8 23. Qd4 Kf8 24. Re3 Qd6 25. Qh4 Kg8 26. Rg3 d4 27.
Qg5 Ne8 28. cxd4 Qxd4 29. Rg4 Qd1+ 30. Kh2 Qd6+ 31. Kg1 b5 32. Bc2 Qd2 33. Qe7
Qd6 34. Qg5 Qd2 35. Qe7 Qd6 36. Qg5 1/2-1/2

[Event "130th YMCA Autumn B"]
[Site "Warszawa"]
[Date "2013.09.23"]
[Round "2"]
[White "Sawicki, Wojciech"]
[Black "Borkowski, Adam"]
[Result "1/2-1/2"]
[WhiteElo "1845"]
[BlackElo "1816"]
[Annotator "Admin"]
[PlyCount "155"]
[EventDate "2013.09.19"]
[EventType "tourn"]
[EventRounds "1"]
[EventCountry "POL"]
[SourceDate "2013.09.20"]

1. e4 c5 2. d4 cxd4 3. c3 dxc3 4. Nxc3 Nc6 5. Nf3 d6 6. Bc4 e6 7. O-O Be7 8.
Qe2 a6 9. Rd1 Qc7 10. Bf4 Nf6 11. Rac1 O-O 12. Bb3 h6 13. Nd5 exd5 14. exd5 Bg4
15. Ba4 Nxd5 16. Rxd5 Be6 17. Bxc6 bxc6 18. Rdc5 Qb7 19. Rxc6 Rfc8 20. Nd4 Rxc6
21. Nxc6 Bf6 22. b3 Rc8 23. Na5 Rxc1+ 24. Bxc1 Qc7 25. Qe1 Bc3 26. Bd2 Qxa5 27.
Bxc3 Qxa2 28. b4 Qd5 29. Qa1 Qg5 30. h4 Qxh4 31. Bxg7 Bc4 32. Bf6 Qf4 33. Qc3
d5 34. Bd4 Kh7 35. Be3 Qf5 36. Qd2 Qg6 37. Bc5 Bd3 38. Qe3 Bc4 39. Bd4 Qe4 40.
Qc3 Qg6 41. Bc5 Qg8 42. Qe5 Qg7 43. Qf4 f6 44. Bd4 Qg5 45. Qxf6 Qxf6 46. Bxf6
Kg6 47. Bd4 Kf5 48. f3 h5 49. Kf2 Bb5 50. Kg3 Bf1 51. Kf2 Bb5 52. g3 Bc4 53.
Ke3 Bb5 54. Bg7 Bf1 55. Kd4 Bg2 56. Ke3 Bf1 57. Bh6 Bc4 58. Bf4 Bf1 59. Bd6 Bc4
60. Kd4 Bf1 61. Bc7 Bg2 62. Ke3 Bf1 63. Kf2 Bc4 64. Ke3 Bf1 $11 65. Bb6 Bc4 66.
Bd4 Bb5 67. Kf2 Bc4 68. Kg2 Be2 69. Bg7 Bc4 70. Kh3 Be2 71. Kg2 Bb5 72. Kf2 Bc4
73. Ke3 Bb5 74. Kd4 Be2 75. Kxd5 Bxf3+ 76. Kc5 Kg4 77. Be5 h4 78. gxh4 1/2-1/2

[Event "130th YMCA Autumn B"]
[Site "Warszawa"]
[Date "2013.09.30"]
[Round "2"]
[White "Barc, Michal"]
[Black "Koziol, Pawel"]
[Result "1/2-1/2"]
[WhiteElo "1841"]
[BlackElo "1879"]
[Annotator "Admin"]
[PlyCount "49"]
[EventDate "2013.09.19"]
[EventType "tourn"]
[EventRounds "1"]
[EventCountry "POL"]
[SourceDate "2013.09.20"]

1. d4 Nf6 2. Nf3 e6 3. c4 Bb4+ 4. Bd2 Qe7 5. a3 Bxd2+ 6. Nbxd2 d6 7. e4 e5 8.
d5 O-O 9. Be2 a5 10. O-O Nbd7 11. Qc2 a4 12. b4 axb3 13. Nxb3 Nh5 14. g3 g6 15.
Nh4 Nf4 16. Nf3 Nxe2+ 17. Qxe2 f5 18. Nfd2 Nf6 19. Rfc1 fxe4 20. Nxe4 Nxe4 21.
Qxe4 Bf5 22. Qe3 Bg4 23. Nd2 Rf7 24. f3 Bd7 25. Ne4 $11 1/2-1/2

[Event "130th YMCA Autumn B"]
[Site "Warszawa"]
[Date "2013.09.26"]
[Round "2"]
[White "Grabowicz, Marcin"]
[Black "Potocki, Karol"]
[Result "0-1"]
[WhiteElo "1852"]
[BlackElo "1876"]
[PlyCount "74"]
[EventDate "2013.09.19"]
[EventType "tourn"]
[EventRounds "1"]
[EventCountry "POL"]
[SourceDate "2013.09.20"]

1. e4 e5 2. Nf3 Nc6 3. Bc4 Nf6 4. d4 exd4 5. O-O Be7 6. e5 Ne4 7. Bd5 Nc5 8.
Nxd4 Nxd4 9. Qxd4 c6 10. Bc4 O-O 11. Nc3 b5 12. Be2 Ne6 13. Qe4 f5 14. exf6
Bxf6 15. Bd3 g6 16. Bh6 d5 17. Qe1 Rf7 18. f4 Nc5 19. Qd2 Nxd3 20. Qxd3 Bf5 21.
Qd2 b4 22. Na4 Qa5 23. b3 Bxa1 24. Rxa1 Re8 25. Re1 Rfe7 26. Rxe7 Rxe7 27. Qd4
Qd8 28. Qxb4 Qe8 29. h3 Bxh3 30. Qd4 Bf5 31. c3 Re1+ 32. Kh2 Qe7 33. Bg5 Qe3
34. Bf6 Qc1 35. Be5 h5 36. Qf2 h4 37. g3 Rh1+ 0-1

[Event "130th YMCA Autumn B"]
[Site "Warszawa"]
[Date "2013.09.23"]
[Round "2"]
[White "Kosiorek, Przemyslaw"]
[Black "Safanowski, Tomasz"]
[Result "0-1"]
[WhiteElo "1973"]
[BlackElo "1906"]
[PlyCount "56"]
[EventDate "2013.09.19"]
[EventType "tourn"]
[EventRounds "1"]
[EventCountry "POL"]
[SourceDate "2013.09.20"]

1. e4 d6 2. d4 Nf6 3. Nc3 Nbd7 4. f4 e5 5. Nf3 c6 6. Be2 exd4 7. Nxd4 Nc5 8.
Bf3 d5 9. exd5 cxd5 10. Qe2+ Be7 11. f5 O-O 12. Be3 Nce4 13. Bxe4 Nxe4 14. Nxe4
dxe4 15. O-O-O Qa5 16. g4 Qxa2 17. c3 Bd7 18. Qc2 Rfe8 19. Qb3 Qxb3 20. Nxb3
Ba4 21. Kc2 Bf6 22. Bd4 Rad8 23. Bxf6 Rxd1 24. Rxd1 gxf6 25. Re1 e3 26. Re2 b5
27. h3 h5 28. gxh5 Kh7 0-1

[Event "130th YMCA Autumn B"]
[Site "Warszawa"]
[Date "2013.09.26"]
[Round "2"]
[White "Rozowski, Marcin"]
[Black "Praczukowski, Stanislaw"]
[Result "1/2-1/2"]
[WhiteElo "1890"]
[BlackElo "1862"]
[Annotator "Admin"]
[PlyCount "41"]
[EventDate "2013.09.19"]
[EventType "tourn"]
[EventRounds "1"]
[EventCountry "POL"]
[SourceDate "2013.09.20"]

1. e4 e6 2. d4 d5 3. e5 c5 4. c3 Qb6 5. Nf3 Nc6 6. a3 c4 7. Nbd2 Na5 8. g3 Bd7
9. h4 Ne7 10. Bh3 Qc7 11. O-O Nc8 12. Nh2 Nb6 13. f4 Ba4 14. Qe2 g6 15. Ng4
O-O-O 16. Nf3 Bg7 17. Ng5 h6 18. Nf3 Nc6 19. Ne3 Ne7 20. Rb1 Bb3 21. Nd2 $11
1/2-1/2

[Event "130th YMCA Autumn B"]
[Site "Warszawa"]
[Date "2013.10.04"]
[Round "3"]
[White "Praczukowski, Stanislaw"]
[Black "Szefer, Michal"]
[Result "0-1"]
[WhiteElo "1862"]
[BlackElo "1946"]
[Annotator "Admin"]
[PlyCount "88"]
[EventDate "2013.09.19"]
[EventType "tourn"]
[EventRounds "1"]
[EventCountry "POL"]
[SourceDate "2013.09.20"]

1. e4 c5 2. Nf3 Nc6 3. d4 cxd4 4. Nxd4 Nf6 5. Nc3 e5 6. Ndb5 d6 7. Bg5 a6 8.
Bxf6 gxf6 9. Na3 b5 10. Nd5 Bg7 11. c3 f5 12. exf5 Bxf5 13. Be2 O-O 14. O-O $11
Qg5 15. Nc2 Bxc2 16. Qxc2 e4 17. Nb6 Rad8 18. Qxe4 d5 19. Qc2 d4 20. a4 Qc5 21.
a5 dxc3 22. bxc3 Qxc3 23. Qxc3 Bxc3 24. Rac1 Nd4 25. Bg4 Bxa5 26. Nc8 f5 27.
Ne7+ Kg7 28. Bxf5 Rxf5 29. Nxf5+ Nxf5 30. Ra1 Bc3 31. Rxa6 Rb8 32. g4 Nd4 33.
f4 b4 34. f5 b3 35. f6+ Kf8 36. Ra3 b2 37. Kf2 Bb4 38. Rd3 Bc5 39. Rc3 Ne6+ 40.
Kf3 b1=Q 41. Rxb1 Rxb1 42. Ke4 Kf7 43. h4 Rb4+ 44. Kf5 Bd6 0-1

[Event "130th YMCA Autumn B"]
[Site "Warszawa"]
[Date "2013.10.03"]
[Round "3"]
[White "Safanowski, Tomasz"]
[Black "Rozowski, Marcin"]
[Result "1-0"]
[WhiteElo "1906"]
[BlackElo "1890"]
[PlyCount "61"]
[EventDate "2013.09.19"]
[EventType "tourn"]
[EventRounds "1"]
[EventCountry "POL"]
[SourceDate "2013.09.20"]

1. d4 d5 2. Nf3 Nf6 3. e3 Bf5 4. c4 c6 5. Nc3 e6 6. Qb3 Qb6 7. c5 Qc7 8. Be2
Nbd7 9. Bd2 Be7 10. O-O O-O 11. a4 Ne4 12. Rfc1 Bg4 13. Be1 e5 14. Qd1 f5 15.
b4 Nxc3 16. Bxc3 e4 17. Nd2 Bxe2 18. Qxe2 f4 19. b5 Rf7 20. exf4 Rxf4 21. a5
Raf8 22. Rf1 Rh4 23. g3 Rh6 24. f3 Nxc5 25. dxc5 Bxc5+ 26. Kg2 Qd6 27. fxe4 d4
28. Rxf8+ Kxf8 29. Rf1+ Ke8 30. Qc4 cxb5 31. Qg8+ 1-0

[Event "130th YMCA Autumn B"]
[Site "Warszawa"]
[Date "2013.10.16"]
[Round "3"]
[White "Potocki, Karol"]
[Black "Kosiorek, Przemyslaw"]
[Result "1-0"]
[WhiteElo "1876"]
[BlackElo "1973"]
[PlyCount "87"]
[EventDate "2013.09.19"]
[EventType "tourn"]
[EventRounds "1"]
[EventCountry "POL"]
[SourceDate "2013.09.20"]

1. c4 Nf6 2. Nf3 g6 3. Nc3 Bg7 4. d4 d5 5. Qb3 dxc4 6. Qxc4 Nbd7 7. e4 Nb6 8.
Qb3 O-O 9. Be2 c6 10. O-O Be6 11. Qc2 Qc7 12. Bg5 Rad8 13. Rad1 h6 14. Bh4 Nh5
15. Nb5 Qb8 16. Bxe7 cxb5 17. Bxf8 Bxf8 18. d5 Bg4 19. Nd4 Bxe2 20. Qxe2 a6 21.
g3 Re8 22. Qc2 Nf6 23. Rfe1 Nbd7 24. f4 Bc5 25. Kg2 Qa7 26. Nb3 Bb4 27. Re2 Nc5
28. e5 Nxb3 29. Qxb3 Bc5 30. h3 Qb6 31. Qd3 Nd7 32. e6 Nf8 33. f5 gxf5 34.
exf7+ Kxf7 35. Qxf5+ Qf6 36. Qxf6+ Kxf6 37. Rxe8 Nd7 38. Rf1+ Kg7 39. Rfe1 Nf6
40. Rc8 Bb4 41. Rc7+ Kg6 42. Re6 h5 43. Rxb7 Bc5 44. Rxa6 1-0

[Event "130th YMCA Autumn B"]
[Site "Warszawa"]
[Date "2013.10.03"]
[Round "3"]
[White "Koziol, Pawel"]
[Black "Grabowicz, Marcin"]
[Result "1/2-1/2"]
[WhiteElo "1879"]
[BlackElo "1852"]
[Annotator "Admin"]
[PlyCount "45"]
[EventDate "2013.09.19"]
[EventType "tourn"]
[EventRounds "1"]
[EventCountry "POL"]
[SourceDate "2013.09.20"]

1. e4 e6 2. Qe2 c5 3. f4 Nc6 4. Nf3 a6 5. g3 d5 6. exd5 Qxd5 7. Nc3 Qd8 8. d3
Nf6 9. Bg2 Be7 10. O-O O-O 11. b3 Nd4 12. Qd2 Ng4 13. Bb2 Bf6 14. Rae1 Nxf3+
15. Bxf3 Bd4+ 16. Kh1 Nf6 $11 17. Nd1 Bxb2 18. Nxb2 Rb8 19. Nc4 b6 20. Qg2 Qc7
21. Ne5 Bb7 22. f5 exf5 23. Bxb7 $11 1/2-1/2

[Event "130th YMCA Autumn B"]
[Site "Warszawa"]
[Date "2013.09.26"]
[Round "3"]
[White "Borkowski, Adam"]
[Black "Barc, Michal"]
[Result "1-0"]
[WhiteElo "1816"]
[BlackElo "1841"]
[PlyCount "53"]
[EventDate "2013.09.19"]
[EventType "tourn"]
[EventRounds "1"]
[EventCountry "POL"]
[SourceDate "2013.09.20"]

1. c4 Nf6 2. Nf3 e6 3. g3 c5 4. Bg2 Nc6 5. O-O Be7 6. Nc3 O-O 7. d4 cxd4 8.
Nxd4 a6 9. Nxc6 bxc6 10. e4 Qc7 11. Bf4 e5 12. Be3 d6 13. Na4 Rb8 14. h3 Rd8
15. b3 g6 16. Kh2 d5 17. cxd5 cxd5 18. Rc1 Qa5 19. Bd2 Bb4 20. Bxb4 Qxb4 21.
exd5 e4 22. Rc4 Qa3 23. Nc3 Be6 24. Ra4 Qc5 25. Nxe4 Nxe4 26. Bxe4 Rd6 27. Qc1
1-0

[Event "130th YMCA Autumn B"]
[Site "Warszawa"]
[Date "2013.09.30"]
[Round "3"]
[White "Jachimiak, Wojciech"]
[Black "Sawicki, Wojciech"]
[Result "0-1"]
[WhiteElo "1880"]
[BlackElo "1845"]
[PlyCount "120"]
[EventDate "2013.09.19"]
[EventType "tourn"]
[EventRounds "1"]
[EventCountry "POL"]
[SourceDate "2013.09.20"]

1. e4 e5 2. Nf3 Nc6 3. Bb5 a6 4. Ba4 Nf6 5. O-O Be7 6. Re1 b5 7. Bb3 O-O 8. c3
d5 9. exd5 Nxd5 10. Nxe5 Nxe5 11. Rxe5 c6 12. d4 Bd6 13. Re1 Qh4 14. g3 Qh3 15.
Be3 Bg4 16. Qd3 Rae8 17. Nd2 Re6 18. Bg5 Rfe8 19. Rxe6 Rxe6 20. Ne4 Bf5 21. f3
Rg6 22. Nf2 Qxg3+ 23. hxg3 Bxd3 24. Nxd3 Rxg5 25. g4 h5 26. Bxd5 cxd5 27. Rf1
hxg4 28. f4 Rf5 29. Kg2 g5 30. Kg3 gxf4+ 31. Kxg4 Rf6 32. Nxf4 Bxf4 33. Rxf4
Rxf4+ 34. Kxf4 f6 35. b3 Kf7 36. Kf5 Ke7 37. Kf4 Ke6 38. Kg4 Kf7 39. Kf5 Ke7
40. Kf4 Kf8 41. Kg4 Kg7 42. Kf5 Kf7 43. Kg4 Kg6 44. Kf4 f5 45. Ke5 Kg5 46. c4
bxc4 47. bxc4 dxc4 48. d5 c3 49. d6 c2 50. d7 c1=Q 51. d8=Q+ Kg4 52. Qd4+ f4
53. Qd7+ Kg3 54. Qa4 Qe3+ 55. Kf5 Qd3+ 56. Kf6 f3 57. Qa5 Qd6+ 58. Kg5 f2 59.
Qc3+ Kg2 60. Qc2 Kg1 0-1

[Event "130th YMCA Autumn B"]
[Site "Warszawa"]
[Date "2013.10.18"]
[Round "3"]
[White "Rusin, Ryszard"]
[Black "Rzepecka, Dorota"]
[Result "1/2-1/2"]
[WhiteElo "1898"]
[BlackElo "1829"]
[PlyCount "103"]
[EventDate "2013.09.19"]
[EventType "tourn"]
[EventRounds "1"]
[EventCountry "POL"]
[SourceDate "2013.09.20"]

1. d4 d5 2. c4 e6 3. Nc3 c5 4. e3 Nf6 5. Nf3 Nc6 6. Be2 Be7 7. a3 O-O 8. O-O a6
9. dxc5 Bxc5 10. b4 Ba7 11. Qc2 dxc4 12. Bxc4 b5 13. Bd3 Bb7 14. Rd1 Qe7 15.
Bb2 Rac8 16. Rac1 h6 17. h3 e5 18. Be2 e4 19. Nh2 Ne5 20. Qb3 Rfd8 21. a4 bxa4
22. Nxa4 Rxc1 23. Bxc1 Rxd1+ 24. Bxd1 Nd3 25. Ba3 Nd5 26. Nc5 Nxe3 27. fxe3 Qh4
28. Qc2 Qg3 29. Qe2 Nf4 30. exf4 Qxa3 31. Kh1 Bxc5 32. bxc5 Qxc5 33. Ng4 a5 34.
Ne5 a4 35. Qa2 Bd5 36. Qxa4 Qf2 37. Ng4 Qf1+ 38. Kh2 Qxf4+ 39. Kg1 h5 40. Qd4
hxg4 41. Qxd5 gxh3 42. gxh3 Qg3+ 43. Kf1 Qxh3+ 44. Ke1 Qe3+ 45. Be2 Qc3+ 46.
Kf2 e3+ 47. Kf3 Qf6+ 48. Kxe3 Qe6+ 49. Qe4 Qxe4+ 50. Kxe4 Kf8 51. Kf5 Ke7 52.
Bc4 1/2-1/2

[Event "130th YMCA Autumn B"]
[Site "Warszawa"]
[Date "2013.10.10"]
[Round "4"]
[White "Szefer, Michal"]
[Black "Rzepecka, Dorota"]
[Result "1-0"]
[WhiteElo "1946"]
[BlackElo "1829"]
[PlyCount "71"]
[EventDate "2013.09.19"]
[EventType "tourn"]
[EventRounds "1"]
[EventCountry "POL"]
[SourceDate "2013.09.20"]

1. e4 e6 2. d4 d5 3. Nd2 c5 4. exd5 exd5 5. Ngf3 Nf6 6. Bb5+ Nc6 7. O-O Be7 8.
dxc5 O-O 9. Nb3 Ne4 10. Be3 Bg4 11. Be2 f5 12. c3 Rc8 13. Nfd4 Bxe2 14. Nxe2
Ne5 15. Nf4 Rc6 16. Qxd5+ Qxd5 17. Nxd5 Bd8 18. f3 Nf6 19. Rad1 Nc4 20. Bc1 Re8
21. Rfe1 Rxe1+ 22. Rxe1 Kf7 23. Nb4 Rc7 24. Nd3 Nd5 25. Ne5+ Nxe5 26. Rxe5 Rd7
27. Rxf5+ Kg6 28. Nd4 Bf6 29. g4 Ne7 30. Rh5 Bxd4+ 31. cxd4 Rxd4 32. Kf2 Rd1
33. Be3 Nd5 34. Re5 Kf6 35. f4 g5 36. Rxg5 1-0

[Event "130th YMCA Autumn B"]
[Site "Warszawa"]
[Date "2013.10.07"]
[Round "4"]
[White "Sawicki, Wojciech"]
[Black "Rusin, Ryszard"]
[Result "1-0"]
[WhiteElo "1845"]
[BlackElo "1898"]
[Annotator "Admin"]
[PlyCount "117"]
[EventDate "2013.09.19"]
[EventType "tourn"]
[EventRounds "1"]
[EventCountry "POL"]
[SourceDate "2013.09.20"]

1. e4 e5 2. Nf3 Nf6 3. Nxe5 d6 4. Nf3 Nxe4 5. d4 d5 6. Bd3 Be7 7. O-O O-O 8. c4
Nc6 9. Nc3 Nxc3 10. bxc3 dxc4 11. Bxc4 Bg4 12. h3 Bh5 13. Re1 Re8 14. Bf4 Bd6
15. Rxe8+ Qxe8 16. Bxd6 cxd6 17. g4 Bg6 18. Nh4 Be4 19. f3 Bg6 20. Qd2 Na5 21.
Bf1 Qe6 22. Nxg6 Qxg6 23. Bd3 Qf6 24. Qe3 g6 25. Qe4 Rc8 26. Rc1 b6 27. f4 Rc7
28. f5 Qg5 29. Rf1 gxf5 30. Rxf5 Qc1+ 31. Rf1 Qh6 32. Kg2 Nc6 33. Bc4 Qg6 34.
Qf3 Nxd4 35. Bxf7+ Rxf7 36. Qxf7+ Qxf7 37. Rxf7 Kxf7 38. cxd4 $11 Ke6 39. Kf3
b5 40. Ke4 a5 41. d5+ Kf6 42. h4 b4 43. Kd4 a4 44. Kc4 b3 45. axb3 axb3 46.
Kxb3 Ke5 47. Kc4 Kf4 48. Kb5 Kxg4 49. Kc6 Kxh4 50. Kxd6 h5 51. Ke5 Kg3 52. d6
h4 53. d7 h3 54. d8=Q Kg2 55. Qd2+ Kg1 56. Qe3+ Kg2 57. Qe2+ Kh1 58. Kf4 Kg1
59. Kg3 1-0

[Event "130th YMCA Autumn B"]
[Site "Warszawa"]
[Date "2013.10.10"]
[Round "4"]
[White "Barc, Michal"]
[Black "Jachimiak, Wojciech"]
[Result "1/2-1/2"]
[WhiteElo "1841"]
[BlackElo "1880"]
[PlyCount "35"]
[EventDate "2013.09.19"]
[EventType "tourn"]
[EventRounds "1"]
[EventCountry "POL"]
[SourceDate "2013.09.20"]

1. d4 Nf6 2. c4 g6 3. Nc3 Bg7 4. e4 d6 5. Nf3 O-O 6. Be2 c5 7. d5 Na6 8. O-O
Nc7 9. h3 Bd7 10. Bf4 a6 11. a4 b6 12. e5 Nfe8 13. Qd2 Rb8 14. Ne4 Bf5 15. Ng3
Bd7 16. Ne4 Bf5 17. Nc3 Bd7 18. Ne4 1/2-1/2

[Event "130th YMCA Autumn B"]
[Site "Warszawa"]
[Date "2013.10.18"]
[Round "4"]
[White "Grabowicz, Marcin"]
[Black "Borkowski, Adam"]
[Result "1-0"]
[WhiteElo "1852"]
[BlackElo "1816"]
[PlyCount "37"]
[EventDate "2013.09.19"]
[EventType "tourn"]
[EventRounds "1"]
[EventCountry "POL"]
[SourceDate "2013.09.20"]

1. e4 c5 2. Nf3 Nc6 3. d4 cxd4 4. c3 dxc3 5. Nxc3 d6 6. Bc4 e6 7. O-O Nf6 8.
Qe2 a6 9. Rd1 Qc7 10. Bg5 Be7 11. Rac1 O-O 12. a3 Rd8 13. b4 b5 14. Nxb5 axb5
15. Bxb5 Bd7 16. Bxc6 Bxc6 17. Nd4 Rxa3 18. b5 Bxb5 19. Nxb5 1-0

[Event "130th YMCA Autumn B"]
[Site "Warszawa"]
[Date "2013.10.10"]
[Round "4"]
[White "Kosiorek, Przemyslaw"]
[Black "Koziol, Pawel"]
[Result "0-1"]
[WhiteElo "1973"]
[BlackElo "1879"]
[PlyCount "72"]
[EventDate "2013.09.19"]
[EventType "tourn"]
[EventRounds "1"]
[EventCountry "POL"]
[SourceDate "2013.09.20"]

1. e4 e5 2. Nf3 Nc6 3. Bc4 Bc5 4. O-O Nf6 5. d4 Bxd4 6. Nxd4 Nxd4 7. f4 d6 8.
fxe5 dxe5 9. Bg5 Be6 10. Bxe6 Nxe6 11. Qxd8+ Rxd8 12. Bxf6 gxf6 13. Rxf6 Ke7
14. Rf1 Rhg8 15. Na3 Rd4 16. Rae1 Rg4 17. Rf5 Rgxe4 18. Rxe5 Rxe5 19. Rxe5 Rd1+
20. Kf2 Ra1 21. Rh5 Rxa2 22. Rxh7 Rxb2 23. Rh3 Ra2 24. Rc3 c6 25. Nc4 b5 26.
Ne3 c5 27. Nf5+ Kf6 28. Nd6 b4 29. Rc4 b3 30. Ne4+ Ke7 31. Ke3 b2 32. Nd2 Ra1
33. h4 Rd1 34. Rc3 Rxd2 35. Rb3 Rxc2 36. g4 Rc3+ 0-1